[Event "Summer Chess Classic-C 2019"]
[Site "Saint Louis"]
[Date "2019.06.21"]
[Round "4.2"]
[White "Moradiabadi, Elshan"]
[Black "Gordievsky, Dmitry"]
[Result "1/2-1/2"]
[WhiteElo "2548"]
[BlackElo "2592"]
[Annotator "TA"]
[PlyCount "61"]
[EventDate "2019.06.18"]
[EventType "tourn"]
[EventCountry "USA"]
[SourceTitle "playchess.com"]
[Source "ChessBase"]
[SourceQuality "1"]

{[%evp 26,61,8,0,0,0,0,0,0,0,0,-11,-12,-5,18,-27,-25,-28,-31,-40,-39,-41,-37,-34,-32,-39,0,0,0,0,0,0,0,0,0,0,0,0]} 1. e4 c5 2. Nf3 Nc6 3. d4 cxd4 4. Nxd4 Nf6 5. Nc3 e5 6. Ndb5 d6 7. Bg5 a6 8. Na3 b5 9. Nd5 Be7 10. Bxf6 Bxf6 11. c3 O-O 12. Nc2 Bg5 13. Be2 Ne7 14. Ncb4 a5 {B33: Sicilian: Pelikan and Sveshnikov Variations} (14... Nxd5 15. Nxd5 Rb8 16. O-O Be6 17. a4 bxa4 18. Nb4 Bb3 19. Qd3 Rb6 20. Nxa6 d5 21. exd5 Be7 22. Qe3 {½-½ (38) Mamedov,N (2589)-Zhigalko,S (2648) Kocaeli 2017}) 15. Nxe7+ Qxe7 16. Nd5 $1 {[%cal Rd5e7]} Qb7 17. Qb3 Rb8 18. O-O Be6 19. Rfd1 Rfc8 {[#]} 20. Rd3 $146 ({Predecessor:} 20. a4 b4 21. cxb4 Bxd5 22. Rxd5 Qxb4 23. Qxb4 Rxb4 24. Rxa5 Rxb2 {½-½ (55) Inarkiev,E (2545)-Yagupov,I (2460) Alushta 2002}) 20... Rc5 21. Rad1 g6 22. a3 b4 23. axb4 axb4 24. Qxb4 Qa7 25. Qa3 Ra5 (25... Qxa3 {keeps more tension.} 26. bxa3 Rb2 27. Bf1 Ra2 28. g3 Bxd5 29. Rxd5 Rxc3 30. Bd3 Be7) 26. Qxd6 {The position is equal.} Rxb2 {[#]} 27. R3d2 $1 {[%cal Rd2b2][%mdl 512]} Rxd2 28. Rxd2 Bxd5 29. Rxd5 Rxd5 (29... Ra2 30. Rxe5 h5 31. Re8+ (31. Rxg5 $2 Rxe2 {[%mdl 64] Double Attack} 32. Rxg6+ fxg6 $19) 31... Kh7 32. Qd3) 30. Qxd5 Qa1+ {[%mdl 64] [#] Double Attack} 31. Bf1 {Accuracy: White = 89%, Black = 86%.} 1/2-1/2

[Event "Summer Chess Classic-C 2019"]
[Site "Saint Louis"]
[Date "2019.06.21"]
[Round "4.3"]
[White "Hakobyan, Aram"]
[Black "Jacobson, Brandon"]
[Result "1/2-1/2"]
[WhiteElo "2559"]
[BlackElo "2486"]
[Annotator "TA"]
[PlyCount "250"]
[EventDate "2019.06.18"]
[EventType "tourn"]
[EventCountry "USA"]
[SourceTitle "playchess.com"]
[Source "ChessBase"]
[SourceQuality "1"]

{[%evp 9,250,31,26,23,33,0,0,0,16,11,13,18,24,0,0,0,-2,6,13,3,39,0,62,-25,-24,-25,-7,0,55,36,45,0,0,0,0,0,0,0,25,40,39,0,0,0,0,0,0,0,0,0,36,43,37,29,29,35,54,55,61,51,94,44,48,29,24,24,24,25,36,20,37,20,15,20,19,19,27,24,14,12,16,8,16,16,18,22,108,108,343,222,175,22,22,22,28,28,60,30,37,26,26,20,22,22,22,22,22,22,20,20,20,20,24,24,28,27,39,20,20,20,22,22,22,22,34,0,0,0,0,0,0,0,0,0,0,0,0,0,0,0,0,0,0,0,0,0,0,0,0,0,0,0,0,0,0,0,0,0,0,0,0,0,0,0,0,0,0,0,0,0,0,0,0,0,0,0,0,0,0,0,0,0,0,0,0,0,0,0,0,0,0,0,0,0,0,0,0,0,0,0,0,0,0,0,0,0,0,0,0,0,0,0,0,0,0,0,0,0,0,0,0,0,0,0,0,0,0,0,0,0,0,0,0,0,0,0,0,0,0,0,0,0,0]} 1. d4 Nf6 2. Nf3 d5 3. c4 e6 4. Nc3 a6 5. cxd5 exd5 6. Bg5 {D37: Queen's Gambit Declined: 5 Bf4} Be6 7. Bxf6 (7. e3 Nbd7 8. Bd3 h6 9. Bf4 g5 10. Bg3 Nh5 11. Be5 Nhf6 12. Bg3 Nh5 13. Ne2 Nxg3 14. Nxg3 {1-0 (61) Leko,P (2679)-Caruana,F (2832) Germany 2019}) 7... Qxf6 8. Qb3 Ra7 $146 ({Predecessor:} 8... b5 9. a4 b4 10. Nxd5 Qd8 11. e4 c6 12. Bc4 cxd5 13. exd5 Bf5 {1-0 (36) Berezovsky,I (2378)-Jouault,L (1860) Andorra la Vella 2017}) 9. a3 Qd8 10. Qc2 c6 11. e3 Nd7 12. Bd3 g6 13. h4 Nf6 14. Ng5 Qd6 15. Ne2 Bg7 ({Better is} 15... Bd7 $11) 16. Ng3 ({White should play} 16. Nxe6 $14 Qxe6 17. Nf4) 16... Bg4 $11 17. Nf3 O-O {[#]} 18. h5 $1 {[%mdl 512]} Raa8 (18... b6 $11) (18... Nxh5 19. Nxh5) 19. hxg6 $14 hxg6 20. Ne5 Rae8 21. f4 c5 22. Qxc5 Qxc5 23. dxc5 Rxe5 24. fxe5 Nd7 25. Be2 (25. Rh4 $5 {[%cal Rh4g4]} Be6 26. O-O-O $11) 25... Be6 $1 26. Kf2 Bxe5 27. b4 Bxa1 28. Rxa1 Ne5 29. Rd1 Rc8 30. e4 dxe4 31. Nxe4 Kf8 32. Nd6 Rc7 33. Rh1 Ke7 34. Rh8 Rd7 35. Rb8 Bd5 36. Nc8+ Ke6 $1 37. Nb6 Re7 38. Rd8 Bc6 39. a4 Rc7 40. Rd6+ Kf5 41. Rd4 f6 42. b5 Be8 $1 43. Rd8 Bf7 44. c6 {Hoping for Nc8.} axb5 45. cxb7 $1 Rxb7 46. Nc8 {aiming for Nd6+.} Rc7 47. axb5 Rc2 (47... Rd7 $11 {remains equal.} 48. Rxd7 Nxd7) 48. b6 $16 Rb2 $2 {[#]} (48... Kg5 $16 {was necessary.} 49. Nd6 Bd5) 49. b7 $1 {[%mdl 512] Strongly threatening Nd6+.} Nc6 (49... Rxb7 50. Nd6+) 50. Ne7+ $2 ({White should try} 50. Nd6+ $18 Ke5 51. Nxf7+ Ke6 52. Rd6+ Kxf7 53. Rxc6 Rxb7 54. Bf3) 50... Nxe7 $11 51. b8=Q Rxb8 52. Rxb8 {[%mdl 4096] Endgame Rb7 is the strong threat. KRB-KBN} Nc6 53. Rc8 Ne5 54. Ke3 Bd5 55. g3 (55. Bf1 {feels hotter.} Bc6 56. Kf2 Kf4 57. Be2 f5 58. Rd8) 55... Be6 56. Rc1 (56. Ra8 {looks sharper.} Kg5 57. Ra5 Bg4 58. Ba6 Bf5 59. Kf2) 56... Kg5 57. Rc5 Bg4 58. Bf1 Bf5 59. Ra5 Kg4 60. Kf2 Kg5 61. Be2 Bg4 62. Bb5 Bf5 63. Ra3 Ng4+ 64. Ke1 Ne5 65. Be2 Bg4 66. Bf1 Bf5 67. Kd2 Bh3 {The position is equal.} 68. Be2 Bg4 69. Ba6 Bc8 70. Be2 Bg4 71. Rb3 Bxe2 72. Kxe2 {KR-KN} Kg4 73. Rb6 Kxg3 74. Rxf6 Kg4 75. Ke3 Kg5 76. Rf1 Ng4+ 77. Ke4 Nf6+ 78. Kf3 Kf5 79. Kg3+ Ke5 80. Kh4 Ne4 81. Kg4 Nf6+ 82. Kg5 Ne4+ 83. Kxg6 Kd4 84. Re1 Ke5 85. Ra1 Kf4 86. Ra5 Kg4 87. Rf5 (87. Ra1 {is more complex.} Kf4) 87... Ng3 88. Re5 Kf4 89. Kf6 Kf3 90. Ra5 Kf4 91. Ra4+ Ne4+ 92. Ke6 Ke3 93. Ke5 Nc3 94. Rd4 Ne2 95. Rh4 Kd3 96. Rh3+ Kc4 97. Rf3 Nc3 98. Re3 Nb5 99. Re4+ Kc5 100. Rh4 Nc3 101. Rh8 Kc4 102. Rd8 Ne2 103. Rc8+ Kd3 104. Kd5 Nc3+ 105. Kc5 Ne4+ 106. Kb4 Ke3 107. Rd8 Nd2 108. Kc5 Ne4+ 109. Kd5 {White wants to mate with Re8!} Nd2 110. Re8+ Kd3 111. Ra8 Kc3 112. Rh8 Kd3 113. Rh3+ Ke2 114. Ra3 Nf3 115. Ke4 {White threatens Re3+ and mate.} Nd2+ 116. Kf4 Nc4 117. Rc3 Nd2 118. Re3+ Kd1 119. Rh3 (119. Kg5 {seems wilder.} Kc2 120. Kg6 Nb3 121. Kg7 Nc1 122. Kh6) 119... Kc2 120. Ke3 {Threatening mate with Rh2!} Kc3 (120... Nb3 {with more complications.} 121. Kf2 Nc5 122. Kg1 Nd3 123. Re3 Kc3) 121. Ke2+ (121. Rh1 $5 {[%cal Rh1c1]} Nb3 122. Rh8 $14) 121... Kc2 122. Re3 Nc4 123. Rd3 Nb2 124. Rd2+ Kc3 125. Rxb2 Kxb2 {Accuracy: White = 60%, Black = 65%.} 1/2-1/2

[Event "Summer Chess Classic-C 2019"]
[Site "Saint Louis"]
[Date "2019.06.22"]
[Round "5.1"]
[White "Chirila, Ioan-Cristian"]
[Black "Hakobyan, Aram"]
[Result "0-1"]
[WhiteElo "2561"]
[BlackElo "2559"]
[Annotator "RC"]
[PlyCount "90"]
[EventDate "2019.06.18"]
[EventType "tourn"]
[EventCountry "USA"]
[SourceTitle "playchess.com"]
[Source "ChessBase"]
[SourceQuality "1"]
[TimeControl "40/5400+30:1800+30"]

1. Nf3 {[%emt 0:00:10]} Nf6 {[%emt 0:00:46]} 2. c4 {[%emt 0:01:25]} g6 {[%emt 0:00:28]} 3. Nc3 Bg7 {[%emt 0:00:17]} 4. d4 {[%emt 0:04:34]} d5 {[%emt 0:00:45]} 5. cxd5 {[%emt 0:09:38]} Nxd5 {[%emt 0:00:07]} 6. Bg5 {[%emt 0:00:18]} c5 {[%emt 0:06:38]} 7. Nxd5 {[%emt 0:00:40]} Qxd5 {[%emt 0:00:09]} 8. Rc1 {[%emt 0:00:03]} Qxa2 {[%emt 0:19:00]} 9. Rxc5 {[%emt 0:00:16]} Na6 {[%emt 0:04:24]} 10. Rb5 {[%emt 0:20:47]} h6 {[%emt 0:22:12]} 11. Bd2 {[%emt 0:18:45]} Bd7 {[%emt 0:00:57]} 12. Ra5 {[%emt 0:00:41]} Qxb2 {[%emt 0:00:39]} 13. e3 {[%emt 0:00:56]} Nb4 {[%emt 0:05:29]} 14. Rc5 {[%emt 0:09:07]} O-O {[%emt 0:05:32]} 15. Bc3 {[%emt 0:12:59]} Qa3 {[%emt 0:00:56]} 16. Qd2 {[%emt 0:04:28]} a5 {[%emt 0:01:12]} 17. Bb2 {[%emt 0:01:53]} Qa2 {[%emt 0:02:47]} 18. Be2 {[%emt 0:09:28]} Rfc8 {[%emt 0:00:48]} 19. Rc3 {[%emt 0:01:38]} Rxc3 {[%emt 0:04:36]} 20. Bxc3 {[%emt 0:00:02]} Nc2+ {[%emt 0:04:08]} 21. Kf1 {[%emt 0:00:05]} Rc8 {[%emt 0:00:13]} 22. Ne1 {[%emt 0:00:20]} Qb1 {[%emt 0:02:44]} 23. Bd3 {[%emt 0:00:47]} Bb5 {[%emt 0:01:26]} 24. Ke2 {[%emt 0:00:35]} Na3 {[%emt 0:04:27]} 25. Bxa5 {[%emt 0:00:29]} e5 {[%emt 0:05:23]} 26. Kf3 {[%emt 0:00:58]} Bxd3 {[%emt 0:01:00]} 27. Qxd3 {[%emt 0:00:08]} Nc2 {[%emt 0:00:13]} 28. Kg3 {[%emt 0:00:53]} exd4 {[%emt 0:01:50]} 29. exd4 {[%emt 0:00:13]} Qa1 {[%emt 0:00:32]} 30. Bd2 {[%emt 0:00:41]} Nxd4 {[%emt 0:03:30]} 31. h3 {[%emt 0:00:02]} Be5+ {[%emt 0:01:05]} 32. f4 {[%emt 0:00:30]} Rd8 {[%emt 0:00:48]} 33. Kh2 {[%emt 0:01:16]} Ne6 {[%emt 0:00:03]} 34. Qxd8+ {[%emt 0:00:46]} Nxd8 {[%emt 0:00:02]} 35. Nf3 {[%emt 0:00:06]} Qb2 {[%emt 0:01:00]} 36. fxe5 {[%emt 0:00:05]} g5 {[%emt 0:00:05]} 37. Rc1 {[%emt 0:01:00]} Ne6 {[%emt 0:00:08]} 38. Rc4 {[%emt 0:00:02]} Qb3 {[%emt 0:00:30]} 39. Rb4 {[%emt 0:00:42]} Qd5 {[%emt 0:00:08]} 40. h4 {[%emt 0:00:00]} b5 {[%emt 0:00:00]} 41. Kg3 {[%emt 0:04:39]} Nc5 {[%emt 0:02:37]} 42. Rd4 {[%emt 0:01:35]} Ne4+ {[%emt 0:01:33]} 43. Kh2 {[%emt 0:00:05]} Qc6 {[%emt 0:00:17]} 44. Rd8+ {[%emt 0:07:12]} Kg7 {[%emt 0:02:44]} 45. Nd4 {[%emt 0:10:53]} Qc7 {[%emt 0:04:20]} 0-1

[Event "Summer Chess Classic-C 2019"]
[Site "Saint Louis"]
[Date "2019.06.22"]
[Round "5.2"]
[White "Jacobson, Brandon"]
[Black "Moradiabadi, Elshan"]
[Result "0-1"]
[WhiteElo "2486"]
[BlackElo "2548"]
[Annotator "RC"]
[PlyCount "124"]
[EventDate "2019.06.18"]
[EventType "tourn"]
[EventCountry "USA"]
[SourceTitle "playchess.com"]
[Source "ChessBase"]
[SourceQuality "1"]
[TimeControl "40/5400+30:1800+30"]

1. e4 {[%emt 0:00:00]} e5 {[%emt 0:00:00]} 2. Nf3 {[%emt 0:00:04]} Nc6 {[%emt 0:00:00]} 3. Bc4 {[%emt 0:00:07]} Bc5 {[%emt 0:01:38]} 4. c3 {[%emt 0:00:06]} Nf6 {[%emt 0:00:04]} 5. d3 {[%emt 0:00:02]} d6 {[%emt 0:00:10]} 6. O-O {[%emt 0:00:23]} a6 {[%emt 0:00:08]} 7. a4 {[%emt 0:00:04]} O-O {[%emt 0:00:47]} 8. Nbd2 {[%emt 0:00:14]} a5 {[%emt 0:03:18]} 9. Re1 {[%emt 0:02:03]} h6 {[%emt 0:02:28]} 10. h3 {[%emt 0:00:06]} Ne7 {[%emt 0:05:56]} 11. Bb3 {[%emt 0:09:24]} Ng6 {[%emt 0:00:50]} 12. Nf1 {[%emt 0:00:05]} Re8 {[%emt 0:00:50]} 13. Ng3 {[%emt 0:00:16]} Be6 {[%emt 0:08:30]} 14. d4 {[%emt 0:18:04]} Bb6 {[%emt 0:03:08]} 15. Bc2 {[%emt 0:00:35]} c6 {[%emt 0:12:35]} 16. Be3 {[%emt 0:00:15]} Qc7 {[%emt 0:00:16]} 17. Qc1 {[%emt 0:04:49]} Rad8 {[%emt 0:02:43]} 18. Nf5 {[%emt 0:21:17]} Bxf5 {[%emt 0:18:32]} 19. exf5 {[%emt 0:00:19]} Nf8 {[%emt 0:02:21]} 20. Bxh6 {[%emt 0:10:30]} N8h7 {[%emt 0:00:00]} 21. Be3 {[%emt 0:02:06]} e4 {[%emt 0:01:12]} 22. Nd2 {[%emt 0:04:22]} d5 {[%emt 0:00:01]} 23. g4 {[%emt 0:04:13]} Qd6 {[%emt 0:04:29]} 24. Kg2 {[%emt 0:00:08]} Bc7 {[%emt 0:00:01]} 25. Rh1 {[%emt 0:08:47]} g6 {[%emt 0:01:53]} 26. fxg6 {[%emt 0:00:04]} fxg6 {[%emt 0:00:02]} 27. Qg1 {[%emt 0:00:18]} Rf8 {[%emt 0:01:15]} 28. Kf1 {[%emt 0:00:38]} Rf7 {[%emt 0:04:00]} 29. Ke2 {[%emt 0:00:01]} Nf8 {[%emt 0:00:01]} 30. Re1 {[%emt 0:00:24]} b5 {[%emt 0:00:14]} 31. Kd1 {[%emt 0:09:18]} Rb8 {[%emt 0:04:19]} 32. Kc1 {[%emt 0:00:04]} bxa4 {[%emt 0:06:34]} 33. Bxa4 {[%emt 0:00:02]} Ne6 {[%emt 0:00:04]} 34. f3 {[%emt 0:01:39]} Nf4 {[%emt 0:07:09]} 35. Bc2 {[%emt 0:00:01]} a4 {[%emt 0:00:00]} 36. fxe4 {[%emt 0:01:54]} dxe4 {[%emt 0:00:12]} 37. Bxf4 {[%emt 0:03:27]} Qxf4 {[%emt 0:00:01]} 38. g5 {[%emt 0:00:01]} a3 {[%emt 0:02:17]} 39. bxa3 {[%emt 0:00:44]} Nd5 {[%emt 0:00:38]} 40. Rxe4 {[%emt 0:00:00]} Qd6 {[%emt 0:00:00]} 41. Nc4 {[%emt 0:07:42]} Qf8 {[%emt 0:08:25]} 42. Qg4 {[%emt 0:09:28]} Rf1+ {[%emt 0:08:12]} 43. Rxf1 {[%emt 0:14:29]} Qxf1+ {[%emt 0:00:17]} 44. Kd2 {[%emt 0:02:03]} Qxc4 {[%emt 0:04:59]} 45. Qf3 {[%emt 0:00:01]} Ba5 {[%emt 0:01:18]} 46. Qd3 {[%emt 0:01:44]} Bxc3+ {[%emt 0:00:36]} 47. Kd1 {[%emt 0:00:37]} Qxd3+ {[%emt 0:04:16]} 48. Bxd3 {[%emt 0:00:01]} Kf7 {[%emt 0:00:21]} 49. h4 {[%emt 0:00:18]} Bb2 {[%emt 0:02:57]} 50. Bc4 {[%emt 0:01:11]} Bxa3 {[%emt 0:00:01]} 51. Re5 {[%emt 0:00:28]} Rh8 {[%emt 0:01:33]} 52. Re4 {[%emt 0:00:01]} Bd6 {[%emt 0:00:20]} 53. Rg4 {[%emt 0:00:35]} Kg7 {[%emt 0:01:00]} 54. Kd2 {[%emt 0:00:15]} Re8 {[%emt 0:02:19]} 55. Rg1 {[%emt 0:01:04]} Re4 {[%emt 0:00:12]} 56. Kd3 {[%emt 0:00:33]} Re3+ {[%emt 0:00:19]} 57. Kd2 {[%emt 0:00:02]} Bb4+ {[%emt 0:00:06]} 58. Kd1 {[%emt 0:00:02]} Re4 {[%emt 0:00:05]} 59. Kc2 {[%emt 0:00:31]} Rxh4 {[%emt 0:00:49]} 60. Ra1 {[%emt 0:00:19]} Rxd4 {[%emt 0:00:41]} 61. Ra7+ {[%emt 0:00:03]} Kf8 {[%emt 0:00:14]} 62. Ra8+ {[%emt 0:00:32]} Kf7 {[%emt 0:00:09]} 0-1

[Event "Summer Chess Classic-C 2019"]
[Site "Saint Louis"]
[Date "2019.06.22"]
[Round "5.3"]
[White "Gordievsky, Dmitry"]
[Black "Neiksans, Arturs"]
[Result "1/2-1/2"]
[WhiteElo "2592"]
[BlackElo "2566"]
[Annotator "RC"]
[PlyCount "63"]
[EventDate "2019.06.18"]
[EventType "tourn"]
[EventCountry "USA"]
[SourceTitle "playchess.com"]
[Source "ChessBase"]
[SourceQuality "1"]
[TimeControl "40/5400+30:1800+30"]

1. Nf3 {[%emt 0:00:00]} Nf6 {[%emt 0:00:00]} 2. c4 {[%emt 0:00:00]} b6 {[%emt 0:00:00]} 3. g3 {[%emt 0:00:00]} Bb7 {[%emt 0:00:00]} 4. Bg2 {[%emt 0:00:00]} g6 {[%emt 0:00:04]} 5. d4 {[%emt 0:01:26]} Bg7 {[%emt 0:00:06]} 6. O-O {[%emt 0:00:05]} O-O {[%emt 0:00:05]} 7. Qc2 {[%emt 0:02:34]} c5 {[%emt 0:00:22]} 8. d5 {[%emt 0:03:21]} b5 {[%emt 0:00:19]} 9. e4 {[%emt 0:13:04]} bxc4 {[%emt 0:00:22]} 10. Nfd2 {[%emt 0:02:15]} e6 {[%emt 0:04:23]} 11. Nc3 {[%emt 0:17:03]} exd5 {[%emt 0:00:47]} 12. exd5 {[%emt 0:02:36]} d6 {[%emt 0:00:32]} 13. Nxc4 {[%emt 0:03:57]} Ba6 {[%emt 0:00:13]} 14. b3 {[%emt 0:02:22]} Nbd7 {[%emt 0:00:31]} 15. Bf4 {[%emt 0:04:53]} Nb6 {[%emt 0:01:02]} 16. Bxd6 {[%emt 0:04:15]} Re8 {[%emt 0:00:24]} 17. Bxc5 {[%emt 0:02:18]} Nxc4 {[%emt 0:00:33]} 18. bxc4 {[%emt 0:00:17]} Bxc4 {[%emt 0:00:23]} 19. Rfd1 {[%emt 0:01:53]} Rc8 {[%emt 0:00:44]} 20. Bd4 {[%emt 0:05:56]} Bxd5 {[%emt 0:02:24]} 21. Qa4 {[%emt 0:23:23]} Bxg2 {[%emt 0:15:29]} 22. Kxg2 {[%emt 0:00:02]} Qc7 {[%emt 0:00:28]} 23. Bxf6 {[%emt 0:02:15]} Bxf6 {[%emt 0:00:07]} 24. Nd5 {[%emt 0:00:03]} Qc6 {[%emt 0:04:52]} 25. Qxc6 {[%emt 0:00:36]} Rxc6 {[%emt 0:00:04]} 26. Rac1 {[%emt 0:00:20]} Rd6 {[%emt 0:00:07]} 27. Rc7 {[%emt 0:03:29]} a6 {[%emt 0:01:07]} 28. Ne7+ {[%emt 0:02:32]} Bxe7 {[%emt 0:00:39]} 29. Rxe7 {[%emt 0:00:04]} Rxd1 {[%emt 0:00:17]} 30. Rxe8+ {[%emt 0:00:02]} Kg7 {[%emt 0:00:07]} 31. Re5 {[%emt 0:00:21]} Rd6 {[%emt 0:00:17]} 32. Ra5 {[%emt 0:00:04]} 1/2-1/2

[Event "Summer Chess Classic-C 2019"]
[Site "Saint Louis"]
[Date "2019.06.24"]
[Round "6.1"]
[White "Chirila, Ioan-Cristian"]
[Black "Jacobson, Brandon"]
[Result "0-1"]
[WhiteElo "2561"]
[BlackElo "2486"]
[Annotator "TA"]
[PlyCount "98"]
[EventDate "2019.06.18"]
[EventType "tourn"]
[EventCountry "USA"]
[SourceTitle "playchess.com"]
[Source "ChessBase"]
[SourceQuality "1"]

{[%evp 9,98,51,37,38,61,48,58,49,68,47,55,34,34,34,30,25,56,-54,-33,-58,-70,-79,-76,-58,-69,-73,-61,-100,-93,-172,-107,-197,-186,-197,-193,-200,-179,-188,-129,-142,-139,-186,-176,-202,-147,-146,-141,-198,-195,-225,-224,-226,-213,-218,-222,-258,-199,-201,-203,-202,-193,-203,-194,-198,-201,-201,-192,-192,-191,-235,-254,-222,-166,-287,-280,-315,-314,-459,-459,-466,-463,-582,-578,-553,-543,-608,-600,-577,-570,-555,-544]} 1. Nf3 e6 2. g3 g5 (2... b6 3. Bg2 Bb7 4. O-O g6 5. c4 Bg7 6. Nc3 Nf6 7. Re1 d5 8. cxd5 Nxd5 9. e4 Nxc3 10. bxc3 c5 11. d4 Nc6 12. Bg5 Ne7 13. Qa4+ Bc6 {1-0 (38) Halkias,S (2552)-Fressinet,L (2652) Skopje 2019}) 3. d4 g4 4. Ne5 h5 5. h3 d6 6. Nd3 {Strongly threatening hxg4. A04: Unusual lines after 1 Nf3 and King's Indian Attack} gxh3 7. Bxh3 h4 8. g4 {White is slightly better.} Nc6 9. c3 Qe7 $146 ({Predecessor:} 9... e5 10. dxe5 dxe5 {1-0 (45) Javakhadze,Z (2481)-Velikanov,A (2355) Dallas 2016}) 10. g5 Bd7 11. e4 O-O-O 12. Be3 f6 13. g6 ({Better is} 13. f4 $1 $14) 13... Bh6 14. Qf3 Qg7 15. Rg1 Nge7 16. Bxh6 Rxh6 17. Nf4 f5 18. exf5 exf5 19. Nh5 {[#]} (19. Nd2 $17 {might work better.}) 19... Qh8 (19... Ne5 $1 $19 {[%cal Re5f3][%mdl 512]} 20. Qe2 (20. Nxg7 $2 {is the wrong capture.} Nxf3+ 21. Kf1 Nxg1 $19) (20. dxe5 Qxe5+ 21. Kd1 Bc6 $17) (20. dxe5 Qxe5+) 20... Rxh5 $1 {[%mdl 512]} 21. Qxh5 Nd3+ 22. Kf1 Nf4) 20. Nf4 {[#]} (20. g7 $17 Qh7 21. Nf4) 20... Nxg6 $1 $19 {[%mdl 512]} 21. Nd2 (21. Nxg6 Rxg6) 21... Nxf4 22. Qxf4 Re8+ 23. Kd1 Kb8 (23... Ne7 $1 $19 24. Kc2 Nd5) 24. Kc2 $17 Nd8 25. Rae1 Ne6 26. Qf3 Rf8 27. d5 Nc5 28. Re7 (28. Qf4 $17) 28... Rh7 $19 29. Rge1 Rxe7 30. Rxe7 Qf6 31. Rh7 Bb5 32. c4 Ba4+ 33. b3 {[#]} f4 $1 34. Qg4 Qa1 ({Not} 34... Qd4 {[#]} 35. Qg7 $1 $11 {[%mdl 512]}) 35. Qg7 Qxa2+ {[%mdl 64] Double Attack} 36. Qb2 Qxb2+ 37. Kxb2 Nd3+ 38. Kc3 Nxf2 39. Be6 Be8 40. Rxh4 c5 41. Rh6 (41. dxc6 $142 Bxc6 42. Kd4) 41... a5 42. Nf3 b5 {[%cal Bb7b5,Bb5b4][%mdl 32]} 43. Rh2 (43. cxb5 {was called for.} Bxb5 44. Kc2) 43... b4+ {Black is clearly winning.} 44. Kd2 Ne4+ 45. Kc2 a4 46. bxa4 Bxa4+ 47. Kb2 Bd1 48. Nd2 Nxd2 49. Rxd2 Bf3 {Accuracy: White = 40%, Black = 86%.} 0-1

[Event "Summer Chess Classic-C 2019"]
[Site "Saint Louis"]
[Date "2019.06.24"]
[Round "6.2"]
[White "Hakobyan, Aram"]
[Black "Gordievsky, Dmitry"]
[Result "0-1"]
[WhiteElo "2559"]
[BlackElo "2592"]
[Annotator "TA"]
[PlyCount "82"]
[EventDate "2019.06.18"]
[EventType "tourn"]
[EventCountry "USA"]
[SourceTitle "playchess.com"]
[Source "ChessBase"]
[SourceQuality "1"]

{[%evp 12,82,42,31,39,13,14,17,39,2,10,6,1,16,0,10,14,17,52,0,0,0,0,0,4,0,4,0,0,0,0,0,0,-35,-1,-99,-110,-93,-112,-111,-111,-158,-137,-131,-114,-103,-108,-228,-240,-250,-245,-252,-249,-252,-259,-250,-162,-258,-254,-249,-244,-341,-345,-1097,-1046,-1212,-1155,-29987,-1286,-1806,-704,-29984,-29980]} 1. e4 c5 2. Nf3 e6 3. d4 cxd4 4. Nxd4 a6 5. Bd3 Ne7 6. O-O Nec6 7. Nb3 Be7 {B42: Sicilian: Kan Variation: 5 Bd3} 8. Nc3 d6 9. f4 (9. Be3 Nd7 10. f4 b5 11. Kh1 Bb7 12. a3 O-O 13. Qh5 Re8 14. Rad1 b4 15. Na4 bxa3 16. bxa3 Qc7 17. Rf3 g6 18. Qh6 {½-½ (63) Ovetchkin,R (2546)-Gordievsky,D (2641) Yaroslavl 2018}) 9... b5 {The position is equal.} 10. Bd2 Nd7 11. Qf3 $146 ({Predecessor:} 11. Qh5 g6 12. Qh3 O-O {½-½ (12) Dueball,J-Popov,L Reggio Emilia 1973}) 11... Bb7 12. a4 b4 13. Nd1 O-O 14. Ne3 Bf6 15. Rae1 (15. Qh3 $5 {[%cal Re4e5]} g6 16. Nc4 $11) 15... Bxb2 16. Qh3 Bc3 17. e5 {[%csl Gd3][%cal Rh3h7]} g6 18. Bxc3 bxc3 19. exd6 Nb4 $1 $36 {[%cal Rb4d3][%mdl 2048] Black fights for an advantage.} 20. Bc4 {Strongly threatening f5!} Qb6 {And now ...Nxc2 would win.} 21. a5 Qxd6 22. Rd1 Qe7 23. Ng4 {[#]} (23. f5 $11 {remains equal.} exf5 24. Qg3) 23... Nf6 $1 $17 {[%cal Rf6g4] White must now prevent ...Nxg4.} 24. Qh4 {[#]} Nfd5 $1 25. Qf2 Rac8 26. Bxd5 Nxd5 27. Nd4 f5 28. Ne5 Nf6 29. Rb1 (29. Rfe1 $17) 29... Ne4 $19 30. Qe3 Nd2 {[%mdl 64] Double Attack} 31. Rb6 Nxf1 32. Kxf1 Bd5 33. Rxa6 Rb8 34. Rb6 (34. Qxc3 {is a better defense.} Qh4 35. Qg3 Rb1+ 36. Kf2) 34... Rxb6 35. axb6 Rc8 36. Nb5 Qb4 37. Nc7 $2 (37. Nd4) 37... Qb1+ {[%mdl 64] Double Attack} 38. Qe1 {[#]} Bxg2+ $1 {[%mdl 512]} 39. Ke2 (39. Kxg2 Qxe1) 39... Qxb6 (39... Qxc2+ $142 40. Ke3 Rd8 41. Ne8 Qe4+ 42. Kf2 Qxf4+ 43. Kg1 c2 44. Nd7 Rxe8 45. Nf6+ Kf7 46. Nxe8 Bc6 47. Nd6+ Qxd6 48. Qc3 Qd1+ 49. Kf2 c1=Q 50. Qxc1 Qxc1 51. h4 Qd2+ 52. Kg3 Qe3+ {[%mdl 64] Double Attack} 53. Kh2 Qf2+ {[%mdl 64] Double Attack} 54. Kh3 Qg2#) 40. Qg3 Rxc7 41. Nxg6 Qb5+ {Accuracy: White = 36%, Black = 65%.} 0-1